| 000 | 00511nam a22001697a 4500 | ||
|---|---|---|---|
| 003 | OSt | ||
| 005 | 20221007204315.0 | ||
| 008 | 221007b |||||||| |||| 00| 0 eng d | ||
| 020 | _a978-0-9799610-0-7 | ||
| 040 | _cBiblioteca Lado V | ||
| 082 |
_a779.942.1 _bT676g |
||
| 100 |
_9134 _aTorchia, Richard _eeditor |
||
| 245 | _aGabriel Martinez Self-Portraits/ | ||
| 260 |
_aBoston, Massachusetts _bSamson Projects _c2007 |
||
| 300 |
_a64p. _c20x25cm |
||
| 942 |
_2ddc _c1 _h779.942.1 _iT676g _n0 |
||
| 999 |
_c2252 _d2252 |
||